Prévenir l'exclusion scolaire et sociale des jeunes : Une approche franco-britannique (notice n° 1945699)

détails MARC
000 -LEADER
fixed length control field 01625cam a2200133 4500500
005 - DATE AND TIME OF LATEST TRANSACTION
control field 20260329030603.0
041 ## - LANGUAGE CODE
Language code of text/sound track or separate title fre
042 ## - AUTHENTICATION CODE
Authentication code dc
100 10 - MAIN ENTRY--PERSONAL NAME
Personal name Zay, Danielle
Relator term author
245 00 - TITLE STATEMENT
Title Prévenir l'exclusion scolaire et sociale des jeunes : Une approche franco-britannique
260 ## - PUBLICATION, DISTRIBUTION, ETC.
Name of publisher, distributor, etc. Presses Universitaires de France,<br/>
Date of publication, distribution, etc. 2005.<br/>
520 ## - SUMMARY, ETC.
Summary, etc. Cet ouvrage est issu d’un travail de chercheurs praticiens, mené de septembre 1999 à décembre 2001. Il a associé des personnels d’établissements secondaires de zones classées défavorisées: EAZ en Angleterre, REP et ZEP en France. Les deux équipes anglaises et françaises ont chacune enquêté dans les établissements auprès des élèves, par entretiens, questionnaires, observation de classes, bilans de stages de formation… Cette étude montre d’une part la similarité des problèmes, la concurrence entre plusieurs modèles politiques, sociaux et éducatifs quels que soient les pays, d’autre part les différences de contextes issus d’une histoire, d’une culture et de valeurs propres à chaque nation, l’Angleterre est dans une vision néo-libérale, les lois du marché sont un régulateur y compris enéducation, la France à l’opposé, perpétue le concept durkheimien de la solidarité face à l’exclusion et vise à moderniser l’éducation nationale, à la décentraliser en tentant de conserver comme garant de l’égalité des chances, la régulation par une administration forte.
856 41 - ELECTRONIC LOCATION AND ACCESS
Uniform Resource Identifier <a href="https://shs.cairn.info/prevenir-l-exclusion-scolaire-et-sociale-des-jeunes--9782130550174?lang=fr&redirect-ssocas=7080">https://shs.cairn.info/prevenir-l-exclusion-scolaire-et-sociale-des-jeunes--9782130550174?lang=fr&redirect-ssocas=7080</a>

Pas d'exemplaire disponible.

PLUDOC

PLUDOC est la plateforme unique et centralisée de gestion des bibliothèques physiques et numériques de Guinée administré par le CEDUST. Elle est la plus grande base de données de ressources documentaires pour les Étudiants, Enseignants chercheurs et Chercheurs de Guinée.

Adresse

627 919 101/664 919 101

25 boulevard du commerce
Kaloum, Conakry, Guinée

Réseaux sociaux

Powered by Netsen Group @ 2025